| 000 | 00730nam a22002175i 4500 | ||
|---|---|---|---|
| 001 | 171460 | ||
| 003 | ES-MaACL | ||
| 005 | 20250930063149.0 | ||
| 008 | 090518s1978 sp |||| | cat d | ||
| 080 | _a804.99-56 | ||
| 100 | 1 |
_aSolà, Joan, _d1940-2010 _9140178 |
|
| 245 | 1 | 0 |
_aEstudis de sintaxi catalana. _n2, _pReflexions sobre el pronoms febles... concordança del participi passat / _cJoan Solà. |
| 250 | _a2ª ed. | ||
| 260 |
_aBarcelona : _bEdicions 62, _c[1978] |
||
| 300 |
_a171 p. ; _c18 cm. |
||
| 490 | 1 |
_aLlibres a l'abast ; _v105 |
|
| 650 | 1 | 4 |
_aLengua catalana- _xSintaxis. _9140179 |
| 830 | 0 |
_aLlibres a l'abast ; _v105 _9189023 |
|
| 852 |
_aES-MaACL _jA-9180 _9R.98460 |
||
| 999 |
_c171460 _d171460 |
||